000
00325nam a2200133 a 4500
005
20140513081056.0
008
070202s19uu xx 00 eng d
050
_a
VCD
_b
Ca357 2004
100
_a
Myers, Mike
245
_a
Cat in the hat (The)/.
260
_b
Magnavission,
_c
2004.
500
_a
with 2 discs
999
_c
116503
_d
116503